000 02667cam a2200397 i 4500
001 193291
003 SpMaBN
005 20250804062656.0
007 ta
008 080307s2006 sp | |||| 000 f spa
017 _aSE 1413-2006
_bOficina Depósito Legal Sevilla
020 _a9788496115514
020 _a8496115518
035 _a(OCoLC)71256245
035 _aa3331296
040 _aSpMaBN
_bspa
_cSpMaBN
_erdc
080 _a821.134.2-31"19"
100 1 _aLegaz, Francisco
_0XX875854
_eaut
_9234225
245 1 3 _aUn viaje hacia el abismo /
_cFrancisco Legaz
260 _a[Madrid] :
_bEdiciones Irreverentes,
_c[2006]
300 _a189 páginas ;
_c21 cm
336 _2rdacontent
_aTexto
337 _2rdamedia
_asin mediación
338 _2rdacarrier
_avolumen
490 1 _aNovísima biblioteca ;
_x3
520 _a"Los dos protagonistas de Un viaje hacia el abismo están solos. Ella, viviendo en una gran ciudad; él, en un pueblo abandonado, que podría ser cualquier pueblo de Castilla o de Aragón. Ambos escapan de la soledad y se encuentran en un tren que les lleva hacia un destino inesperado", afirmó Francisco Legaz en su encuentro con los periodistas esta mañana en un céntrico café madrileño. "Tengo mucha relación con Castilla, sobre todo con Zamora, y he reflejado la vida de uno de esos hombres que conzco bien, que viven en un pueblo al que se ha dejado morir. Quizá piense que su soledad es única, pero es una constante en el mundo actual, y es difícil huir de ella. Todos intentamos escapar, y el tren, el viaje, es una metáfora de esa huida." Narrativa intimista, una visión psicológica que profundiza en el alma de sus personajes, el entorno que participa como un actor más? En Un viaje hacia el abismo encontramos seres humanos que se suicidan inducidos por el comportamiento de los otros, un sacerdote para el que llegar a la gran ciudad supone gozar de la compañía de mujeres de pago; un asesinato, una mujer que decide abandonarlo todo y emprender un viaje de huida y un hombre que desde un lugar completamente distinto, decide hacer lo mismo, en sentido contrario.
655 0 _aNovelas
_9234319
830 0 _9234422
_aNovísima biblioteca
852 _aES-MaACL
_bR. 154695
_cDEPOJ
_jN-9469
_hDonación: Francisco Legaz
_9200730
_xEncuadernación rústica con solapas
903 _aLegaz, Francisco
_ednr
_9234225
942 _n0
_cMONOGRAFIA
999 _c193291
_d193291